• 首页
  • 本馆介绍
  • 公告通知
  • 最新文献
  • 馆藏检索
  • 电子资源
  • 读者导购
  • 参考咨询
  • 我的图书馆
  • 登录
  • 详细信息显示
  • 放入我的书架
  • 预约/预借图书
  • 作者相关作品
  • 分类相关作品
  • 丛书相关作品
  • 出版社相关作品

书目信息

  • 表格格式
  • 工作单格式
  • 卡片格式
题名:
工程测量规范
    
 
作者: ;中华人民共和国冶金工业部 , 中华人民共和国国家基本建设委员会 主编
分册:  
出版信息: 北京   中国建筑工业出版社  1979.01
页数: 68页
开本: 19cm
丛书名:
单 册:
中图分类: TJ26-78
科图分类:
主题词: 舰用机枪 , 航空机枪 , 坦克机枪
电子资源:
ISBN:
000 00839nam0 2200241 45
001 0210221422
005 20060417093103.01
010    @dCNY0.20
091    @a15040.3580
100    @a20021022d1979 km y0chiy0120 ea
101 0  @achi
200 1  @a工程测量规范@AGong Cheng Ce Liang Gui Fan@eTJ26-78@f中华人民共和国冶金工业部,中华人民共和国国家基本建设委员会主编@FZhong Hua Ren Min Gong He Guo Ye Jin Gong Ye Bu,Zhong Hua Ren Min Gong He Guo Guo Jia Ji Ben Jian She Wei Yuan Hui Zhu Bian
210    @a北京@c中国建筑工业出版社@d1979.01
215    @a68页@d19cm
517    @aTJ26-78
606 0  @a舰用机枪
606 0  @a航空机枪
606 0  @a坦克机枪
690    @aTJ26-78@v3
711 02 @a中华人民共和国冶金工业部@4主编
711 02 @a中华人民共和国国家基本建设委员会@4主编
801    @aCN@bTSTC@c20060417
905    @f2@b32499-500@dTJ26-78@e1
    
    工程测量规范:TJ26-78/中华人民共和国冶金工业部,中华人民共和国国家基本建设委员会主编.-北京:中国建筑工业出版社,1979.01
    68页;19cm
    
    
    ISBN :CNY0.20
    
●
相关链接 在E读中查询图书 在五车中查询图书 在当当中查询图书 在豆瓣中查询图书


正题名:工程测量规范     索取号:TJ26-78/1         预约/预借

序号 登录号 条形码 馆藏地/架位号 状态 备注
1 0017924   202259796   密集书库/ [索取号:TJ26-78/1] 在馆    
2 0032499   001720766   密集书库/ [索取号:TJ26-78/1] 在馆    
3 0032500   001720631   密集书库/ [索取号:TJ26-78/1] 在馆    
4 0032501   001720659   密集书库/ [索取号:TJ26-78/1] 在馆    
5 0032502   001720613   密集书库/ [索取号:TJ26-78/1] 在馆    
6 0032503   001720668   密集书库/ [索取号:TJ26-78/1] 在馆    
7 0032504   202259750   密集书库/ [索取号:TJ26-78/1] 在馆    
8 0032505   202259821   密集书库/ [索取号:TJ26-78/1] 在馆    
9 0032507   202259787   密集书库/ [索取号:TJ26-78/1] 在馆    
10 0032508   001720711   密集书库/ [索取号:TJ26-78/1] 在馆    
唐山师范学院图书馆 欢迎您!
大连网信软件有限公司© 版权所有